| 000 | 01008cab a2200289 4500 | ||
|---|---|---|---|
| 001 | ABS51554 | ||
| 008 | 090401t1994 xxu||||| |||| 00| 0 eng d | ||
| 035 | _a(Sirsi) u33127 | ||
| 041 | _aeng | ||
| 100 | _aWilbourn, P. | ||
| 245 | _aEnvironmental work on the increase | ||
| 260 | _c1994 | ||
| 350 | _a0 | ||
| 490 |
_aCSM (Chartered Surveyor Monthly) _v4(1) October 1994, 30(1) |
||
| 520 | _aAnalyses the results of a survey on the clientele for environmental services, and the range of activities undertaken by the surveying profession to meet established and potential demand. Points to future opportunities. | ||
| 650 | _aABOUT RICS-RICS MEMBERS | ||
| 650 | _aENVIRONMENTAL IMPACT STUDIES | ||
| 650 | _aENVIRONMENTAL MARKET | ||
| 650 | _aENVIRONMENTAL SERVICES | ||
| 650 | _aINFRASTRUCTURE MARKET PANEL | ||
| 650 | _aLAND QUALITY STATEMENTS | ||
| 650 | _aSURVEY | ||
| 650 | _aSURVEYING SERVICES | ||
| 690 | _aENVIRONMENTAL AND LAND CONSULTANCY | ||
| 942 | _n0 | ||
| 948 | _c04/03/1997 | ||
| 999 |
_c22144 _d22144 |
||